World aviation directory & aerospace database.

Disimpan dalam:
Butiran Bibliografi
Tajuk Baru:World aerospace database
Tajuk Terdahulu:Aviation Week's world aviation directory
Format: Bersiri
Bahasa:English
Diterbitkan: New York : World Aviation Directory & Aerospace Database, c2003-c2005.
Subjek-subjek:
Penanda-penanda: Tambah Penanda
Tiada Penanda, Jadilah orang pertama menanda rekod ini!
LEADER 01995cas a2200481 a 4500
001 009257556-0
005 20060420134538.0
008 031010d20032005nyufr1 r 0 a0eng d
010 |a  2003263983 
022 0 |a 1549-8727  |y 0043-826X 
035 0 |a ocm53179683 
037 |b McGraw-Hill Companies, 1221 Avenue of the Americas, New York, NY 10020 
037 |b Aviation Week Group, 1200 G St., N.W., Suite 900, Washington, DC 20005 
040 |a OUN  |c OUN  |d TXA  |d DLC  |d NSD  |d DLC  |d CDS  |d MYG 
042 |a lc  |a nsdp 
043 |a n-us--- 
050 0 0 |a TL512  |b .A63 
082 1 0 |a 629  |2 13 
222 0 |a World aviation directory & aerospace database 
245 0 0 |a World aviation directory & aerospace database. 
246 3 |a McGraw-Hill Companies world aviation directory & aerospace database 
246 3 |a World aviation directory and aerospace database 
246 1 3 |a Aviation Week's world aviation directory & aerospace database 
246 1 3 |a WAD&AD 
260 |a New York :  |b World Aviation Directory & Aerospace Database,  |c c2003-c2005. 
300 |a 3 v. :  |b ill. ;  |c 28 cm. 
310 |a Semiannual 
362 0 |a Winter 2003-winter 2005. 
500 |a At head of title: The McGraw-Hill Companies. 
500 |a Title from cover. 
515 |a Issue for winter 2003 also called ed. 1. 
530 |a Also available online and in CD-ROM format. 
650 0 |a Aeronautics  |v Directories. 
650 0 |a Aeronautics  |z United States  |v Directories. 
650 0 |a Aerospace industries  |v Directories. 
650 0 |a Aerospace industries  |z United States  |v Directories. 
650 0 |a Astronautics  |v Directories. 
650 0 |a Astronautics  |z United States  |v Directories. 
770 0 |t World aviation directory & aerospace database. Buyer's guide  |w (DLC) 2003263984  |w (OCoLC)53180027 
780 0 0 |t Aviation Week's world aviation directory  |x 1541-146X  |w (DLC) 2001252859  |w (OCoLC)47198700 
785 0 0 |t World aerospace database  |w (DLC) 2006242078  |w (OCoLC)66394016 
988 |a 20031216 
906 |0 OCLC